00669 2200241 4500001002100000005001700021008004100038020001800079035002400097082001100121090001800132100002700150245009900177250001100276260002700287300002300314650002800337850001500365980001300380985000600393986001300399999001500412YOGYA-0209000001466520090227022439.0 ind  a979-404-312-5 0010-020900000014665 a342.06 a342.06bMan L aMANGKUDILAGA, Benyamin aLembaga peradilan tata usaha negarabsuatu prospek di masa datangcoleh Benjamin Mengkoedilaga aCet. 1 aBandungbAngkasac1988 aix, 246 hlmc21 cm aHukum tata usaha negara aYOPDYOG(B) a01-08-05 a1 afwhrtrev aP000030892